| 000 | 00736nam a2200205 a 4500 | ||
|---|---|---|---|
| 003 | 0 | ||
| 005 | 20250317103158.0 | ||
| 008 | 071127s19uu xx 00 eng d | ||
| 050 |
_aPGS BF 723.S3.S44 _b.J33 2007 |
||
| 100 | _aJang, Hye-Min. | ||
| 245 |
_aSocial status and self-esteem of grade 6 and 7 students / _cHye-Min Jang. |
||
| 260 |
_aLas PiƱas City, Philippines : _bSouthville International School and Colleges, _c2007. |
||
| 300 |
_a50 pages : _billustrations ; _c28 cm. |
||
| 504 | _aIncludes bibliographical references. | ||
| 650 | _aSelf-esteem in children. | ||
| 650 | _aSocial status in children. | ||
| 650 |
_aMiddle school students _vPsychology. |
||
| 650 | _aSelf-perception in adolescence. | ||
| 942 |
_2lcc _cPASS |
||
| 999 |
_c97719 _d97719 |
||